Manual del crédito documentario / (Registro nro. 7898)
[ vista simple ]
| 000 -LEADER | |
|---|---|
| fixed length control field | 01526nam a2200205Ia 4500 |
| 003 - CONTROL NUMBER IDENTIFIER | |
| control field | OSt |
| 005 - DATE AND TIME OF LATEST TRANSACTION | |
| control field | 20210525145813.0 |
| 008 - FIXED-LENGTH DATA ELEMENTS--GENERAL INFORMATION | |
| fixed length control field | 210310q1966 ag gr 000 0 spa d |
| 040 ## - CATALOGING SOURCE | |
| Original cataloging agency | CO-JMCR |
| Transcribing agency | CO-JMCR |
| 041 0# - LANGUAGE CODE | |
| Language code of text/sound track or separate title | spa |
| 082 04 - DEWEY DECIMAL CLASSIFICATION NUMBER | |
| Classification number | 332.742 / |
| Item number | O42m |
| Edition number | 23 |
| 100 1# - MAIN ENTRY--PERSONAL NAME | |
| Personal name | Olarra Jiménez, Rafael, |
| 9 (RLIN) | 15759 |
| Relator term | autor |
| 245 10 - TITLE STATEMENT | |
| Title | Manual del crédito documentario / |
| Statement of responsibility, etc. | Rafael Olarra Jiménez |
| 260 ## - PUBLICATION, DISTRIBUTION, ETC. | |
| Place of publication, distribution, etc. | Buenos Aires : |
| Name of publisher, distributor, etc. | Abeledo-Perrot, |
| Date of publication, distribution, etc. | 1966 |
| 300 ## - PHYSICAL DESCRIPTION | |
| Extent | 399 páginas ; |
| Dimensions | 24 cm. |
| 500 ## - GENERAL NOTE | |
| General note | "Técnica de la operación modalidades, análisis de las relaciones entre los bancos intervinientes, la acción del banquero contra el beneficiario regreso, texto oficial de los usos y prácticas uniformes, el trust recetar y la legislación argentina" --Portada |
| 505 0# - FORMATTED CONTENTS NOTE | |
| Formatted contents note | Función económica del crédito documentario -- El crédito documentario, operación bancaria y contrato bancario -- Clasificación de los créditos documentarios -- Técnica de la operación -- Los riesgos del banquero -- El examen de los documentos -- Cláusulas especiales -- Teoría jurídica del crédito documentario -- Teoría jurídica del crédito documentario, análisis de las obligaciones de las partes -- Bancos intervinientes teoría jurídica del crédito documentario -- Teoría jurídica del crédito documentario, recurso del banquero contra el beneficiario -- Usos y prácticas uniformes -- El crédito documentario y el derecho internacional -- El "trust receipt" |
| 650 14 - SUBJECT ADDED ENTRY--TOPICAL TERM | |
| Topical term or geographic name entry element | Cartas de crédito |
| 9 (RLIN) | 15761 |
| Geographic subdivision | Argentina |
| 942 ## - ADDED ENTRY ELEMENTS (KOHA) | |
| Source of classification or shelving scheme | Dewey Decimal Classification |
| Koha item type | Books |
| Withdrawn status | Lost status | Source of classification or shelving scheme | Damaged status | Not for loan | Collection code | Home library | Current library | Date acquired | Source of acquisition | Full call number | Barcode | Date last seen | Copy number | Koha item type |
|---|---|---|---|---|---|---|---|---|---|---|---|---|---|---|
| Dewey Decimal Classification | Non-fiction | Biblioteca Pública José María del Castillo y Rada | Biblioteca Pública José María del Castillo y Rada | 04/15/2018 | Donación | 332.742 / O42m | 430003350 | 05/16/2024 | Ej.1 | Books |